000 00262nam a22000977a 4500
999 _c10417
_d10417
008 180216b ||||| |||| 00| 0 eng d
020 _a97788181372024
100 _aSachdeva, P
_96362
245 _aComputer class - VI
260 _aNew Delhi
_bRachina Publication
_c2006